000 00457nam a2200169 a 4500
001 0324
005 20140414131928.0
008 040909s19uu xx 00 eng d
020 _a0-563-40549-x
050 _aER
_bT22 1998
245 _aTeletubbies: the guitar /
_cillustrations by Lucy Su.
260 _aLondon :
_bBBC Worldwide,
_c1998.
300 _a1 v.p. : ill. ; cm.
650 _aGuitar
_xFiction.
650 _aChildren stories.
999 _c112125
_d112125